| 000 | 00853nam a2200277 a 4500 | ||
|---|---|---|---|
| 001 | 61622 | ||
| 003 | BD-RjUL | ||
| 005 | 20211209081002.0 | ||
| 008 | 170119s1989 caua 001 0 eng d | ||
| 020 | _a0854296395 | ||
| 035 | _a(BD-RjUL)61746 | ||
| 040 |
_aBD-RjUL _cBD-RjUL _dBD-RjUL _beng |
||
| 041 | _aeng | ||
| 082 | 0 | 0 |
_a387.2432 _223 _bBRA 1989 |
| 100 | 1 |
_aBrooks, Clive, _d1960- _9183574 |
|
| 245 | 1 | 0 |
_aAtlantic queens / _cClive Brooks. |
| 260 |
_aSparkfold, Nr. Yeovil, Somerset, England : _bHaynes Pub. Group ; _c1989. |
||
| 300 |
_a152 p. : _bill. ; _c28 cm. |
||
| 500 | _aIncludes index. | ||
| 610 | 2 | 0 |
_aQueen Mary (Steamship) _9183576 |
| 610 | 2 | 0 |
_aQueen Elizabeth (Ship) _9183577 |
| 610 | 2 | 0 |
_aQueen Elizabeth 2 (Ship) _9183578 |
| 830 |
_aA Foulis boating book _9183575 |
||
| 942 |
_2ddc _cBK |
||
| 999 |
_c61622 _d61622 |
||